Томск - город, приятный для европейца; Томский политехник; Вып. 4
| Parent link: | Томский политехник: ежегодный журнал/ Томский политехнический университет (ТПУ), Ассоциация выпускников.— , 1995- Вып. 4.— 1998.— [С. 83-86] |
|---|---|
| Κύριος συγγραφέας: | |
| Περίληψη: | Заглавие с титульного листа Электронная версия печатной публикации |
| Γλώσσα: | Ρωσικά |
| Έκδοση: |
1998
|
| Σειρά: | Томский политехнический и Германия |
| Θέματα: | |
| Διαθέσιμο Online: | Цветная версия без потери качества |
| Μορφή: | Ηλεκτρονική πηγή Κεφάλαιο βιβλίου |
| KOHA link: | https://koha.lib.tpu.ru/cgi-bin/koha/opac-detail.pl?biblionumber=189847 |
MARC
| LEADER | 00000nla2a2200000 4500 | ||
|---|---|---|---|
| 001 | 189847 | ||
| 005 | 20231031175522.0 | ||
| 035 | |a (RuTPU)RU\TPU\book\206576 | ||
| 035 | |a RU\TPU\book\206566 | ||
| 090 | |a 189847 | ||
| 100 | |a 20110112d1998 km y0rusy50 ca | ||
| 101 | 0 | |a rus | |
| 102 | |a RU | ||
| 135 | |a drnn ---uucaa | ||
| 181 | 0 | |a i | |
| 182 | 0 | |a b | |
| 200 | 1 | |a Томск - город, приятный для европейца |b Электронный ресурс |f М. Хеккер | |
| 203 | |a Текст |c электронный | ||
| 215 | |a 1 файл (13.2 Мб) | ||
| 225 | 1 | |a Томский политехнический и Германия | |
| 230 | |a Электронные текстовые данные (1 файл : 13.2 Мб) | ||
| 300 | |a Заглавие с титульного листа | ||
| 300 | |a Электронная версия печатной публикации | ||
| 337 | |a Adobe Reader | ||
| 461 | 1 | |0 (RuTPU)RU\TPU\book\202435 |t Томский политехник |o ежегодный журнал |f Томский политехнический университет (ТПУ), Ассоциация выпускников |d 1995- | |
| 463 | 1 | |0 (RuTPU)RU\TPU\book\205930 |t Вып. 4 |v [С. 83-86] |d 1998 |p 201 с. | |
| 601 | 0 | 2 | |a Томский политехнический университет (ТПУ) |c (1991-2009) |2 stltpush |3 (RuTPU)RU\TPU\col\376 |
| 610 | 1 | |a Сибирь | |
| 610 | 1 | |a Томск | |
| 610 | 1 | |a города | |
| 610 | 1 | |a международное сотрудничество | |
| 610 | 1 | |a университеты | |
| 610 | 1 | |a Германия | |
| 610 | 1 | |a электронный ресурс | |
| 700 | 1 | |a Хеккер |b М. |g Мартин | |
| 801 | 1 | |a RU |b 63413507 |c 20101101 | |
| 801 | 2 | |a RU |b 63413507 |c 20110217 |g RCR | |
| 856 | 4 | |u http://www.lib.tpu.ru/fulltext/v/Tomsk_polytechnic/1998/N4a22_full.pdf |z Цветная версия без потери качества | |
| 942 | |c CF | ||